Regionálna štruktúra Podunajského regiónu formovanie cezhraničných regionálnych štruktúr v Podunajskom regióne
Uložené v:
| Hlavný autor: | |
|---|---|
| Médium: | Kniha |
| Jazyk: | Slovak |
| Vydavateľské údaje: |
Bratislava
Ekonomická univerzita, VÚNH
1999
|
| Edícia: | Štúdie
|
| Predmet: | |
| Tagy: |
Žiadne tagy, Buďte prvý, kto otaguje tento záznam!
|
MARC
| LEADER | 00000nam a2200000 4500 | ||
|---|---|---|---|
| 001 | c123708 | ||
| 005 | 20221123133409.0 | ||
| 022 | |a 1335-1419 | ||
| 041 | 0 | |a slo | |
| 044 | |a SK | ||
| 245 | 1 | 0 | |a Regionálna štruktúra Podunajského regiónu |b formovanie cezhraničných regionálnych štruktúr v Podunajskom regióne |c Alžbeta Ivaničková |
| 264 | 1 | |a Bratislava |b Ekonomická univerzita, VÚNH |c 1999 | |
| 300 | |a 45 s. | ||
| 490 | 1 | |a Štúdie | |
| 830 | 0 | |a Štúdie | |
| 610 | 2 | 0 | |a spolupráca cezhraničná |
| 610 | 2 | 0 | |a regióny |
| 610 | 2 | 0 | |a Slovensko |
| 610 | 2 | 0 | |a Maďarsko |
| 610 | 2 | 0 | |a usporiadanie ekonomiky priestorové |
| 610 | 2 | 0 | |a rozvoj regionálny |
| 100 | 1 | |a Ivaničková, Alžbeta | |